Living abundantly; vol. 3. (Record no. 15193)

000 -LEADER
fixed length control field 00773nam a2200217 a 4500
001 - CONTROL NUMBER
control field :::00013034$&:&@@
003 - CONTROL NUMBER IDENTIFIER
control field OkBaRHE
005 - DATE AND TIME OF LATEST TRANSACTION
control field 20110921140335.0
008 - FIXED-LENGTH DATA ELEMENTS--GENERAL INFORMATION
fixed length control field s1973 j 000 0 eng u
040 ## - CATALOGING SOURCE
Transcribing agency
100 1# - MAIN ENTRY--PERSONAL NAME
Personal name Epp, Theodore H.
245 10 - TITLE STATEMENT
Title Living abundantly; vol. 3.
260 ## - PUBLICATION, DISTRIBUTION, ETC. (IMPRINT)
Place of publication, distribution, etc Lincoln, NE., :
Name of publisher, distributor, etc Back to the Bible
Date of publication, distribution, etc c1973
300 ## - PHYSICAL DESCRIPTION
Extent v. (1-3) ;
Dimensions 22 cm.
650 ## - SUBJECT ADDED ENTRY--TOPICAL TERM
Topical term or geographic name as entry element Bible New Testament Ephesians
General subdivision Study
650 ## - SUBJECT ADDED ENTRY--TOPICAL TERM
Topical term or geographic name as entry element Christian Life
650 ## - SUBJECT ADDED ENTRY--TOPICAL TERM
Topical term or geographic name as entry element Spiritual Life
942 ## - ADDED ENTRY ELEMENTS (KOHA)
Source of classification or shelving scheme
Koha item type Books
Copies
Barcode Full call number Koha item type Current Location Date last seen Total Checkouts Not for loan Date acquired Permanent Location Damaged status Price effective from Source of classification or shelving scheme Date checked out Withdrawn status Shelving location Copy number Lost status Total Renewals
13034BS 2695 .E6BooksRHEMA Bible Training College2018-04-031 2010-04-14RHEMA Bible Training College 2010-04-14 2012-03-15 General Stacks1 1
18530BS 2695 .E6BooksRHEMA Bible Training College2018-04-033 2010-04-14RHEMA Bible Training College 2010-04-14 2012-03-15 General Stacks2